Honduras en la encrucijada
Guardado en:
| Autor Corporativo: | |
|---|---|
| Formato: | Texto |
| Publicado: |
Bonn:
Fundación Friedrich Naumann
|
| Etiquetas: |
Agregar Etiqueta
Sin Etiquetas, Sea el primero en etiquetar este registro!
|
MARC
| LEADER | 00000 a a2200000 04500 | ||
|---|---|---|---|
| 001 | 24919 | ||
| 003 | |||
| 040 | |||
| 020 | |a 3-920590-86-4 | ||
| 090 | |a 178400 | ||
| 110 | |a Fundación Friedrich Naumann | ||
| 245 | |a Honduras en la encrucijada | ||
| 260 | |a Bonn: |b Fundación Friedrich Naumann | ||
| 300 | |a 219 p |b **no definido** |b map. | ||
| 999 | |c 16684 |d 16684 | ||



